000 01266ngm a22003850a 4500
001 PT42255
003 AR-LpoUNG
005 20210201235931.0
007 vd cvaizq
008 191001ss.f.||||ag |||||||||||||||||spa d
037 _c$3.35
040 _aAR-LpoUNG
_bspa
_cAR-LpoUNG
_eaacr
041 _aspa
044 _aag
082 0 _a982 56v1
245 1 0 _aCampaña del desierto
260 _aBuenos Aires :
_bEncuentro,
_cs.f..
300 _aDVD (26 min.) : son., col.
520 _aHistoria de un país, Argentina siglo XX propone un acercamiento a los principales procesos económicos, políticos, sociales y culturales de nuestro país. Con un imponente archivo fotográfico, ilustraciones y material audiovisual permite apreciar los diferentes períodos históricos, y cuáles fueron las consecuencias de los sucesos más significativos de la historia argentina.
650 4 _aANALISIS HISTORICO
650 4 _aARGENTINA
650 4 _aCULTURA
650 4 _aECONOMIA
650 4 _aHISTORIA
650 4 _aPOLITICA
650 4 _aSOCIEDAD
651 4 _aArgentina
653 _aCINE ARGENTINO
653 _aDOCUMENTALES
653 _aDVD
653 _aVIDEOS
710 2 _aEncuentro (Buenos Aires)
905 _a42255
942 _cDVD
999 _c53797
_d53797